Chelsea Academy Players - Sudden Death - Statistics

General Stats
  • This quiz has been taken 211 times
    210 since last reset
  • The average score is 9 of 14
Answers on the Grid
Answers color-coded by a green-red scale on the quiz's grid according to % correct below.
Andreas Christensen
Ashley Cole
Billy Gilmour
Branislav Ivanović
Cesar Azpilicueta
Cole Palmer
Conor Gallagher
Declan Rice
Didier Drogba
Dominic Solanke
Eden Hazard
Frank Lampard
John Terry
Kevin De Bruyne
Kurt Zouma
Levi Colwill
Marc Guéhi
Mason Mount
Michael Essien
Michael Olise
Nathan Aké
Nicolas Jackson
Petr Čech
Raheem Sterling
Reece James
Robert Huth
Romelu Lukaku
Ruben Loftus-Cheek
 
Answer Stats
Answer % Correct
Conor Gallagher
85%
Billy Gilmour
79%
Declan Rice
71%
Andreas Christensen
69%
Dominic Solanke
64%
Levi Colwill
62%
Mason Mount
62%
Ruben Loftus-Cheek
61%
Reece James
60%
John Terry
58%
Marc Guéhi
58%
Nathan Aké
57%
Michael Olise
53%
Robert Huth
27%
No matching quizzes found
Score Distribution
Percent of People with Each Score
Percentile by Number Answered
Your Score History
You have not taken this quiz since the last reset